000 00572nam a2200229Ia 4500
003 OSt
005 20221005124429.0
006 a|||||r|||| 00| 0
007 ta
008 221004b |||||||| |||| 00| 0 urd d
024 _a11396
037 _cTextual
040 _aCRL
_cCRL
_burd
041 _2urd
_aurd
082 _aO168,1L97x, K6;K8
100 _aPrithvi Chand
_9635223
245 0 _aMuraqqa-e-Ghalib
260 _c1966
650 _aURDU POETRY
942 _hO168,1L97x, K6;K8
_cTEXL
_2cc
999 _c1050459
_d1050459